1484 1360 1817 1964 1827 1025 1312 1650 1887 1152 1830 1615 1839 1850 1195 1570 1809 1993 1353 1235 1120 1431 1837 1915 1906 1569 1210 1551 1220 1691 1897 1094 1190 1329 1043 1723 1826 1597 1234 1386 1578 1875 1138 1838 1826 1775 1790 1427 1956 1523 1320 1163 1399 1808 1271 1775 1148 1638 1074 1646 1003 1622 1289 1773 1804 1244 1541 1270 1168 1575 1271 1288 1998 1706 1401 1972 1773 1197 1641 1307 1265 1569 1960 1747 1917 1567 1670 1607 1782 1740 1666 1587 1303 1501 1753 1389 1360 1824 1798 BCNSPRNW ULIB Ver.6.0+V

เปลี่ยนเป็นภาษาไทย

Change to English
 แสดงรายละเอียดบรรณานุกรม
  กลับหน้าหลัก

Brief Record : Get Marc (ISO 2709) : E-mail record : QR code < ปิดหน้าต่าง
LEADER : 00000nam 2200000uu 4500
001    13399114618
003     ULIB
008    120424s2543||||th 000 0 tha d
020    ^a9748465381
060 04 ^aWA 540^bส941ก 2543
100 0  ^aสำนักงานคณะกรรมการการสาธารณสุขมูลฐาน สำนักงานปลัดกระทรวงสาธารณสุข
245 10 ^aการศึกษา พลังชุมชนและประชาคมด้านสุขภาพ /^cสำนักงานคณะกรรมการการสาธารณสุขมูลฐาน
250    ^aพิมพ์ครั้งที่ 1
260    ^aสำนักงานปลัดกระทรวงสาธารณสุข :^bสำนักงานคณะกรรมการการสาธารณสุขมูลฐาน,^c2543
300    ^a203หน้า ;^c26 ซม.
995    ^aกัณชพร
999    ^aใช้งานได้ทุกระบบ
รายการนี้ยังไม่มีแท็ก
คุณยังไม่ได้ล็อกอิน คุณสามารถมีกิจกรรมร่วมกับเว็บไซต์ได้ แต่ต้องล็อกอินก่อน ::
  ล็อกอิน

รายการสื่อสารสนเทศ

ลำดับที่ ประเภท เลขเรียก/บาร์โค้ด สถานที่ สถานะ
- ไม่พบข้อมูล -

BibComment


ยังไม่เคยถูกคอมเมนท์

คอมเมนท์ทรัพยากรรายการนี้
  คอมเมนท์: การศึกษา พลังชุม..


 Copyright 2026. Bcnsprnw @Library